Choricius of Gaza, Oration XIII: Religion and State in the Age of Justinian

Saved in:  
Bibliographic Details
Main Author: Mazza, Roberta ca. 20./21. Jh. (Author)
Format: Print Article
Language:English
Check availability: HBZ Gateway
Interlibrary Loan:Interlibrary Loan for the Fachinformationsdienste (Specialized Information Services in Germany)
Published: 2010
In: The rhetoric of power in late antiquity
Year: 2010, Pages: 172-196

MARC

LEADER 00000naa a22000002c 4500
001 1932158995
003 DE-627
005 20250731081600.0
007 tu
008 250731s2010 xx ||||| 00| ||eng c
020 |a 9781848854093 
035 |a (DE-627)1932158995 
035 |a (DE-599)KXP1932158995 
040 |a DE-627  |b ger  |c DE-627  |e rda 
041 |a eng 
084 |a 0  |2 ssgn 
100 1 |e VerfasserIn  |0 (DE-588)1314714376  |0 (DE-627)1876967757  |4 aut  |a Mazza, Roberta  |d ca. 20./21. Jh. 
109 |a Mazza, Roberta ca. 20./21. Jh. 
245 1 0 |a Choricius of Gaza, Oration XIII  |b Religion and State in the Age of Justinian 
264 1 |c 2010 
336 |a Text  |b txt  |2 rdacontent 
337 |a ohne Hilfsmittel zu benutzen  |b n  |2 rdamedia 
338 |a Band  |b nc  |2 rdacarrier 
601 |a Religion 
773 0 8 |i Enthalten in  |t The rhetoric of power in late antiquity  |d London [u.a.] : Tauris Academic Studies, 2010  |g (2010), Seite 172-196  |h XII, 287 S.  |w (DE-627)627732763  |w (DE-576)323904718  |z 1848854099  |z 9781848854093  |7 nnam 
773 1 8 |g year:2010  |g pages:172-196 
935 |a mteo 
951 |a AR 
ELC |b 1 
LOK |0 000 xxxxxcx a22 zn 4500 
LOK |0 001 475100896X 
LOK |0 003 DE-627 
LOK |0 004 1932158995 
LOK |0 005 20250731032933 
LOK |0 008 250731||||||||||||||||ger||||||| 
LOK |0 035   |a (DE-Tue135)627732763_2010_172 
LOK |0 040   |a DE-Tue135  |c DE-627  |d DE-Tue135 
LOK |0 092   |o n 
LOK |0 852   |a DE-Tue135 
LOK |0 852 1  |9 00 
LOK |0 935   |a imwa  |a ixau  |a rwrk 
LOK |0 939   |a 31-07-25  |b l01 
ORI |a SA-MARC-ixtheoa001.raw 
REL |a 1 
SUB |a REL